000 00324 a2200157 4500
001 190486
020 _a0-19-596947-2
040 _cMagnum
100 _aMaclennan, Carol
240 1 0 _aThe picnic
_lING
245 1 0 _aThe picnic
300 _a16
362 0 _a2004
697 _aLITERATURA INFANTIL INGLESA
942 _cBK
999 _c190486
_d190486